| 000 | 00915nam a2200205Ia 4500 | ||
|---|---|---|---|
| 003 | Ost | ||
| 005 | 20260507075606.0 | ||
| 008 | 260507s9999||||xx |||||||||||||| ||und|| | ||
| 040 | _cfsecg | ||
| 041 | _aara | ||
| 082 | _a658.5 | ||
| 100 |
_aالشرقاوي، علي _eمؤلف |
||
| 245 | 0 |
_aإدارة النشاط الإنتاجي : _bمدخل التحليل الكمي / _c علي الشرقاوي |
|
| 260 |
_aالاسكندرية: _bدار التعليم الجامعي, _c(د.ت) |
||
| 300 |
_a351 صفحة؛ _bإيضاحات ؛ _c24 سم |
||
| 504 | _aالمراجع ص.345 | ||
| 520 | _aيهدف هذا الكتاب الى عرض موضوعات النشاط الانتاجي من وجهة النظر الإدارية والهندسية والاقتصادية، باستخدام النماذج الرياضية بعد تبسيطها. | ||
| 653 | _aالنشاط الإنتاجي | ||
| 942 | _cكتاب | ||
| 999 |
_c45043 _d45043 |
||